Guns and Ships Lyrics (from Hamilton) - Statistics

General Stats
  • This quiz has been taken 12,107 times
  • The average score is 31 of 35
Answer Stats
Hint Answer % Correct
How does a ragtag volunteer army in need of a shower Somehow defeat a ______ superpower? global
98%
Yo. Turns out we have a secret _____! An immigrant you know and love who’s unafraid to step in! weapon
97%
Guns And ____ And so the balance shifts Ships
94%
_ know I
93%
We can end this war at Yorktown, cut them off at sea, but For this to succeed, there is _____ else we need: someone
93%
I come ____ with more back
92%
________ Hamilton!
92%
________ Hamilton!
92%
________ Hamilton!
92%
________ Hamilton!
92%
________ Hamilton!
92%
________ Hamilton!
92%
And I’m never gonna ____ until I make ‘em Drop and burn ‘em up and scatter their remains, I’m stop
92%
I go to _____ for more funds France
91%
_________ Lafayette!
91%
_________ Lafayette!
91%
_________ Lafayette!
91%
_________ Lafayette!
91%
_________ Lafayette!
91%
I’m takin this ____ by the reins makin’ Redcoats redder with bloodstains horse
90%
I need my _____ hand man back! right
90%
How do we emerge victorious from the quagmire? Leave the ______ waving Betsy Ross’ flag higher? battlefield
89%
We rendezvous with Rochambeau, consolidate their ____ gifts
89%
You wanna fight for your ____ back? land
88%
Alexander Hamilton, Troops are waiting in the ____ for you field
86%
The ____ will never be the same, Alexander… world
85%
I mean you gotta put some thought into the letter but the sooner the ______ To get your right hand man back! better
84%
If you join us right now, together we can turn the ____ tide
84%
Sir, you’re gonna have to use him eventually What’s he gonna do on the ____? I mean— bench
83%
He’s constantly confusin’, confoundin’ the British henchmen Ev’ryone give it up for America’s ________ _______ _______! favorite fighting Frenchman
83%
If we manage to get this right They’ll _______ by early light surrender
82%
Oh, Alexander Hamilton I have _____ that will yield for you soldiers
79%
Sir, he knows what to do in a _____ Ingenuitive and fluent in French, I mean— trench
78%
Watch me engagin’ em! _____’ em! Enragin’ em! I’m— Escapin
74%
No one has more resilience Or matches my _____ tactical brilliance— practical
62%
No matching quizzes found
Score Distribution
Percent of People with Each Score
Percentile by Number Answered
Your Score History
You have not taken this quiz